000 00320nam a22001457a 4500
003 OSt
005 20160727222357.0
008 160622b xxu||||| |||| 00| 0 eng d
040 _cTEST
100 _9565
_aDurr, W.K
245 _aHONEY COMB
260 _aBOSTON
_b Houghton
_c1976
300 _aHONEY COMB
942 _2ddc
_cBK
999 _c473
_d473